000 02021cam a2200409 i 4500
001 EDZ0000988966
003 StDuBDS
005 20161031105256.0
006 m||||||||d||||||||
007 cr |||||||||||
008 141203s2015 caua fob 001|0|eng|d
020 _a9781483346397 (ebook) :
_cNo price
040 _aStDuBDS
_beng
_cStDuBDS
_erda
_epn
049 _aAlfaisal Main Library
050 4 _aLB1028.3
082 0 4 _a371.3303
_223
245 0 4 _aThe SAGE encyclopedia of educational technology /
_cedited by J. Michael Spector.
246 3 0 _aEncyclopedia of educational technology
246 3 0 _aEducational technology
264 1 _aThousand Oaks, California :
_bSAGE Publications,
_c2015.
300 _a1 online resource :
_billustrations (black and white)
336 _atext
_2rdacontent
336 _astill image
_2rdacontent
337 _acomputer
_2rdamedia
338 _aonline resource
_2rdacarrier
504 _aIncludes bibliographical references and index.
520 8 _aThis SAGE encyclopedia examines information on leveraging the power of technology to support teaching and learning. While using innovative technology to educate individuals is certainly not a new topic, how it is approached, adapted, and used toward the services of achieving real gains in student performance is extremely pertinent. This reference explores such issues, focusing on core topics and issues that will retain relevance in the face of perpetually evolving devices, services, and specific techniques.
521 _aSpecialized.
588 _aDescription based on online resource; title from home page (viewed on November 12, 2015).
650 0 _aEducational technology
_vEncyclopedias.
655 7 _aElectronic books.
_2local
700 1 _aSpector, J. Michael,
_eeditor.
710 2 _aSage eBooks
776 0 8 _iPrint version :
_z9781452258225
856 4 0 _uhttp://ezproxy.alfaisal.edu/login?url=http://sk.sagepub.com/reference/the-sage-encyclopedia-of-educational-technology
942 _2lcc
_cEBOOKS
999 _c483273
_d483273